LIBRARY & INFORMATION CENTRE, KCAET, TAVANUR

ONLINE PUBLIC ACCESS CATALOGUE (OPAC)

Production management (Record no. 12919)

MARC details
000 -LEADER
fixed length control field 00253cam a2200109ua 4500
082 ## - DEWEY DECIMAL CLASSIFICATION NUMBER
Classification number 658.5
Item number SHA/PR
100 ## - MAIN ENTRY--AUTHOR NAME
Personal name Sharma, V.L .
245 ## - TITLE STATEMENT
Title Production management
260 ## - PUBLICATION, DISTRIBUTION, ETC. (IMPRINT)
Place of publication Jaipur :
Name of publisher ABD Publishers ,
Year of publication 2001.
300 ## - PHYSICAL DESCRIPTION
Number of Pages ; .
942 ## - ADDED ENTRY ELEMENTS (KOHA)
Koha item type Books
Holdings
Withdrawn status Lost status Damaged status Home library Current library Date acquired Full call number Accession Number Koha item type
      KAUAET KAUAET 07/04/2012 658.5 SHA/PR 21039 Books
free website counter